000 00418nam a2200109Ia 4500
008 220216s9999 xx 000 0 und d
100 _aJacob J.[c]
245 4 _aThe role of the model TSR factory
260 _bSeminar on Developments in Block Rubber Processing, 24 May 2005, The Model TSR factory, Rubber Board, Manganam, Kottayam, India, pp. 1-5.
_c2005
650 _aTechnically specified rubber factory
942 _cBS
999 _c52510
_d52510